1708 1578 1199 1371 1542 1150 1248 1883 1698 1071 1355 1963 1555 1325 1401 1684 1422 1194 1596 1449 1710 1866 1733 1627 1037 1362 1256 1944 1201 1318 1837 1712 1263 1881 1471 1996 1930 1138 1609 1094 1464 1040 1781 1532 1252 1586 1851 1348 1204 1973 1559 1857 1829 1151 1760 1085 1702 1944 1109 1466 1325 1450 1350 1289 1028 1230 1229 1076 1081 1497 1474 1065 1708 1659 1485 1177 1176 1985 1427 1080 1536 1042 1397 1824 1346 1321 1903 1996 1396 1426 1779 1690 1231 1481 1949 1113 1871 1249 1274 BCNSPRNW ULIB Ver.6.0+V

เปลี่ยนเป็นภาษาไทย

Change to English
 แสดงรายละเอียดบรรณานุกรม
  กลับหน้าหลัก

Brief Record : Get Marc (ISO 2709) : E-mail record : QR code < ปิดหน้าต่าง
LEADER : 00000nam 2200000uu 4500
001    13399121594
003     ULIB
008    121126s2549||||th 000 0 tha d
020    ^a9749980638
060 04 ^aWT120^bก474ก
111 2  ^aการประชุมเชิงปฎิบัติการก้าวทันชีวเคมีทางการแพทย์ :^cสูงวัยห่างไกลโรค^d(2549 :^cจุฬาลงกรณ์มหาวิทยาลัย)
245 10 ^aก้าวทันชีวเคมีทางการแพทย์ :^bสูงวัยห่างไกลโรค /^cคณะแพทยศาสตร์ จุฬาลงกรณ์มหาวิทยาลัย ; ปิยรัตน์ โตสุโขวงศ์ ขาญชัย บุญหล้า, บรรณาธิการ
260    ^aกรุงเทพฯ :^bคณะแพทยศาสตร์ จุฬาลงกรณ์มหาวิทยาลัย,^c2549
300    ^a247 หน้า ;^c30 ซม.
650  7 ^aผู้สูงอายุ^xการประชุม
650  7 ^aผู้สูงอายุ^xโรค
650  7 ^aการส่งเสริมสุขภาพ
650  7 ^aผู้สูงอายุ^xบริการทางการแพทย์
650  7 ^aเวชศาสตร์วัยชรา
700 0  ^aขาญชัย บุญหล้า
700 0  ^aปิยรัตน์ โตสุโขวงศ์
710 2  ^aจุฬาลงกรณ์มหาวิทยาลัย. ^bคณะแพทยศาสตร์
945    ^p280^l0^i24622
945    ^p280^l0^i24623
995    ^aวิภา
999    ^aวิภา
รายการนี้ยังไม่มีแท็ก
คุณยังไม่ได้ล็อกอิน คุณสามารถมีกิจกรรมร่วมกับเว็บไซต์ได้ แต่ต้องล็อกอินก่อน ::
  ล็อกอิน

รายการสื่อสารสนเทศ

ลำดับที่ ประเภท เลขเรียก/บาร์โค้ด สถานที่ สถานะ
1. วิทยาศาสตร์การแพทย์ และสุขภาพ
วิทยาศาสตร์การแพทย์ และสุขภาพ
WT120 ก474ก  
  Barcode: 24622
ห้องสมุดวิทยาเขตสวรรค์ประชารักษ์
►หนังสือทั่วไป
บนชั้น
2. วิทยาศาสตร์การแพทย์ และสุขภาพ
วิทยาศาสตร์การแพทย์ และสุขภาพ
WT120 ก474ก ฉ.2 
  Barcode: 24623
ห้องสมุดวิทยาเขตสวรรค์ประชารักษ์
►หนังสือทั่วไป
บนชั้น

รายการใกล้เคียง
    หัวเรื่อง [การส่งเสริมสุขภาพ]
    หัวเรื่อง [เวชศาสตร์วัยชรา]

BibComment


ยังไม่เคยถูกคอมเมนท์

คอมเมนท์ทรัพยากรรายการนี้
  คอมเมนท์: ก้าวทันชีวเคมีทา..


 Copyright 2026. Bcnsprnw @Library